000 02174cam a22005174i 4500
003 PE-LiUPU
005 20250731165642.0
008 150710s1991 it r 000 0 eng d
020 _a8876535950
035 _a(Sirsi) i9788876535956
040 _aPE-LiUPU
_bspa
_cPE-LiUPU
_erda
049 _aPRUA
082 0 4 _a220.808
_bS
_221
100 1 _aJoüon, Paul,
_d1871-1940,
_eautor.
245 1 2 _aA Grammar of Biblical Hebrew. Part One: Orthography and Phonetics. Part Two: Morphology.14/II /
_cPablo Joüon.
264 1 _aRoma :
_bEditrice Pontificio Istituto Biblico,
_c1991.
300 _a352 páginas ;
_c24 centímetros.
336 _atext
_2rdacontent
337 _aunmediated
_2rdamedia
338 _avolume
_2rdacarrier
490 0 _aSubsidia Biblica ;
_v14/1
505 0 _aGramática del Hebreo bíblico: Fonética, Morfología hebreo bíblico..
526 _aSEG44
526 _aSEG26
526 _aP151
526 _aP150
526 _aP149
526 _aP146
526 _aP145
526 _aP126
526 _aP125
526 _aP92
526 _aP75
526 _aP74
526 _aP27
526 _aP15
650 1 4 _aHebreo bíblico
_xGramática.
942 _2ddc
_cBOOK
949 _aRC 220.808 S 14/II
_wDEWEY
_c1
_i40621
_lCCODEBUL1
_mBUL
_r0
_sY
_tBOOK
_u2015-7-10
_xTEOLOGIA
_PP35
_0COMPRA
_o.CIRCNOTE. No olvidar cambiar la fecha de devolución!!!!!!!
_o.STAFF. Colección General
949 _aRC 220.808 S 14/II
_wDEWEY
_c2
_i40622
_lCCODEBUL1
_mBUL
_r0
_sY
_tBOOK
_u2015-8-27
_xTEOLOGIA
_PP35
_0COMPRA
_o.CIRCNOTE. No olvidar cambiar la fecha de devolución!!!!!!!
_o.STAFF. RC
994 _aC0
_bPEPRU
596 _a1
999 _aRC 220.808 S 14/II
_wDEWEY
_c58409
_i40621
_f2021-11-8
_g6
_lCCODEBUL1
_mBUL
_p41.51
_r1
_sY
_tBOOK
_u2015-7-10
_xTEOLOGIA
_PP35
_0COMPRA
_o.CIRCNOTE. No olvidar cambiar la fecha de devolución!!!!!!!
_o.STAFF. Colección Teología
_d58409
999 _aRC 220.808 S 14/II
_wDEWEY
_c2
_i40622
_d2019-6-6
_f2021-11-8
_g6
_lCCODEBUL1
_mBUL
_q2
_r1
_sY
_tBOOK
_u2015-8-27
_xTEOLOGIA
_PP35
_0COMPRA
_o.CIRCNOTE. No olvidar cambiar la fecha de devolución!!!!!!!
_o.STAFF. RC
980 _81
_gALBERTO SANCHEZ Responsable de Automatización